Obálka Náhled e-knihy:
PDF
Pro půjčování e-knih musíte být přihlášeni.
Jak si půjčit online?

100 detí /

Chceš sa dozvedieť, ako žijú dnešné dve miliardy detí? Aké sú? Čo robia? Akými jazykmi hovoria a čo všetko dokážu? Ak by sme celý svet premenili na dedinu so 100 deťmi, len 6 z nich by žilo v Európe a 56 v Ázii. V mestách by žilo 48 detí, 85 bude mať prístup k čistej vode a 21 zo 100 detí nemá doma...

Celý popis

Uloženo v:
Hlavní autor: Drösser, Christoph (Autor)
Médium: E-kniha
Jazyk:Czech
Vydáno: Praha : Albatros Media Slovakia s.r.o., 2025
Tagy:
Žádné tagy
LEADER 01452nam a22002297i 4500
001 302672
007 ta
008 260514s2025 xr ||||| |||| 00| 0 cze d
020 |a 9788056645581 
044 |a xr 
100 1 |a  Drösser, Christoph  |4 aut 
245 1 0 |a 100 detí /  |c  Drösser, Christoph 
240 1 0 |a 100 Kinder 
264 1 |a Praha :  |b Albatros Media Slovakia s.r.o.,  |c 2025 
300 |a 1 online zdroj (112 stran) 
336 |a text  |b txt  |2 rdacontent 
337 |a bez média  |b n  |2 rdamedia 
338 |a online zdroj  |b cr  |2 rdacarrier 
520 2 |a Chceš sa dozvedieť, ako žijú dnešné dve miliardy detí? Aké sú? Čo robia? Akými jazykmi hovoria a čo všetko dokážu? Ak by sme celý svet premenili na dedinu so 100 deťmi, len 6 z nich by žilo v Európe a 56 v Ázii. V mestách by žilo 48 detí, 85 bude mať prístup k čistej vode a 21 zo 100 detí nemá doma elektrinu. Táto kniha ti hravou formou sprostredkuje každodenný život detí pomocou dostupných štatistických údajov. Dozvieš sa veľa zaujímavých faktov na veselé, ale aj vážne témy. 
910 |a RBIT002 
998 |d 426908  |a https://core.palmknihy.cz/api/books/426908/cover?tesghi  |b https://core.palmknihy.cz/api/books/426908/cover/400?tesghi  |c https://core.palmknihy.cz/api/books/426908/cover/50?tesghi  |e 2029-06-30  |g 112  |i 9788056645581  |k https://core.palmknihy.cz/api/books/426908/preview.pdf  |l   |q 49  |r 1  |s https://www.palmknihy.cz/kniha/426908  |t ebook  |y 2025  |z 1 
999 |d 302670